01121nam a22002897a 4500003000400000005001700004008004100021040002200062082001800084100002500102245003000127260006000157300002100217366000800238490002900246505006400275505010300339505001200442650005500454650004700509650004800556650004300604650004500647650005600692650004700748700003600795OSt20230616131612.0221006b |||||||| |||| 00| 0 eng d cBiblioteca Lado V a709.05bG851a aGriffin, Timeeditor aArtforum/bInternacional/ aNew Yorkc2000bNew York editorial and business offices c26.5x27cma162p. espa aOctubrev2000x0864-1315 tCOLUMNSaBooks News Design Film Hotlist Music Top Ten tFEATURESgTouche Boucher A Thousand Words Trauma Club Fashion Victor Spurning Tricks Openings tReviews 2Tesauro de Arte & ArquitecturaaARTE COMTEMPORANEO 2Tesauro de Arte & ArquitecturaaFOTOGRAFIA 2Tesauro de Arte & ArquitecturaaARTE VISUAL 2Tesauro de Arte & ArquitecturaaLIBROS 2Tesauro de Arte & ArquitecturaaNOTICIAS 2 Tesauro de Arte & ArquitecturaaARTE INTERNACIONAL 2 Tesauro de Arte & ArquitecturaaESCULTURA aNavarreta, Jose Antonioeeditor